00609 a2200229 4500260001000000630004300010037001300053650002800066100001900094700002300113260001900136245007800155300001200233650002500245650002600270260000900296300000900305100000700314037001200321700002800333020001800361 aParis a659 - Publicité. Relations publiques b1, Achat a6 - SCIENCES APPLIQUEES aGreffe, Pierre aGreffe, François bEditions Litec aLa publicité et la loi en droit français, Union européene et Suisse a1021 p. aPublicité // Droit aDroit // Publicité  c1995 b25cm lFr aDe 8287 apréf., Bille, Jacques a2-7111-2436-3